Az időskorúak szociális ellátórendszere - kiemelten Szeged Megyei Jogú városban
Elmentve itt :
| Szerző: | |
|---|---|
| További közreműködők: | |
| Dokumentumtípus: | Szakdolgozat |
| Megjelent: |
2001
|
| Tárgyszavak: | |
| Online Access: | http://diploma.bibl.u-szeged.hu/26645 |
| LEADER | 00591nta a2200157 i 4500 | ||
|---|---|---|---|
| 001 | dipl26645 | ||
| 005 | 20130314084259.0 | ||
| 008 | 110927s2001 hu om 0|| zxx d | ||
| 040 | |a SZTE Diploma Repozitórium |b hun | ||
| 041 | |a zxx | ||
| 100 | 1 | |a Boros Ágnes | |
| 245 | 1 | 3 | |a Az időskorúak szociális ellátórendszere - kiemelten Szeged Megyei Jogú városban |h [elektronikus dokumentum] / |c Ágnes Boros |
| 260 | |c 2001 | ||
| 650 | 4 | |a Jogi és igazgatási tanulmányok | |
| 700 | 1 | |a Farkas Kornélia |e ths | |
| 856 | 4 | 0 | |u http://diploma.bibl.u-szeged.hu/id/eprint/26645/1/2001_boros_agnes.pdf |z Dokumentum-elérés |